Pierres naturelles A-Z - Statistiques

Statistiques générales
  • Ce quiz a été pris 157 fois
    133 depuis la dernière actualisation
  • Le résultat moyen est 11 sur 26
Statistiques - réponses
Lettres Réponse % Correct
A Agate / Améthyste / Aigue / Alunite / Ambre / Amazonite / Amegreen / Ammonite / Amétrine / Amphibole / Ancestralite / Andalousite / Angélite / Antigorite / Apophyllite / Aqua / Aragonite / Arfvedsonite / Astrophyllite / Apatite / Aventurine / Auralite / Azurite
86%
D Diopside / Dolomite / Dragon / Dumortierite / Diamant / Dioptase / Diorite / Danburite / Disthène / Druzy / Dalmatienne / Desmésite / Diaspore
81%
R Rhodochrosite / Rhodonite / Rhyolite / Rose / Rubis / Rubellite
78%
E Eudialyte / Emeraude / Epidote / Euclase / Ettringite / Eosphorite / Erythrite / Enstatite / Escapolite / Ekanite
77%
S Saphir / Sardonyx / Scolécite / Sélénite / Septaria / Séraphinite / Serpentine / Shattuckite / Shiva / Shungite / Sodalite / Silicium / Sphalérite / Soufre / Spinelle / Stichtite / Stromatolite / Sugilite / Sidérite / Smaragdite / Sphalérite / Stibine
73%
O Obsidienne / Oeil / Okenite / Onyx / Opale / Orgonite
72%
Q Quartz / Quantum
70%
J Jade / Jaspe / Jais
65%
L Lapis-Lazuli / Labradorite / Larimar / Larvikite / Lave / Leopardite / Libérite / Lépidolite / Lithophyse / Lizardite / Lithomanite
57%
N New-Jade / Nacre / Nuummite
56%
C Cacoxenite / Calcédoine / Calcite / Cassistérite / Cavanzite / Célestine / Chalcopyrite / Charoite / Chrysoprase / Chrysocolle / Chrome / Chrysanthème / Citrine / Conglomérat / Corail / Cordiérite / Cornaline / Covelline / Créedite / Cristal / Cuivre / Cyanite
55%
T Tectite / Tanzanite / Thulite / Topaze / Tourmaline / Turquoise / Terahertz / Tiffany Stone / Turquenite
52%
G Galaxite / Galène / Grenat / Granite / Gabbro / Gypse / Goldstone / Girasol / Gaspéite / Goethite / Grandidiérite
45%
M Malachite / Magnésite / Magnétite / Manganocalcite / Météorite / Moldavite / Moquis / Morganite / Manganèse / Merlinite / Mica / Muscovite
43%
B Bois / Bismuth / Brazilianite / Bronzite / Budstone / Bornite / Barytine / Biotite / Béryls / Bénitoïte / Basalte / Bauxite / Brucite / Blende / Borneoite
41%
P Péridot / Pétalite / Pierre / Pietersite / Prasiolite / Prehnite / Purpurite / Pyrite / Pyromorphite / Pinolite / Phosphosiderite / Prasiolite / Prehnite / Porphyre
40%
Z Zoïsite / Zarinite / Zircon
34%
F Feldspath / Fluorine / Fuschite / Franklinite / Fulgurite / Forstérite / Ferro actinolite / Flint / Ferbérite
27%
H Héliodore / Héliotrope / Hématite / Hiddenite / Howlite / Hypersthène / Hémimorphite / Hubnérite / Hawk Eye / Humite / Haüyne
19%
I Idocrase / Iolite / Inesite / Ilvaite / Indicolite / Iris / Isua / Infinite / Ivoire végétal / Iridescence
16%
K Kimberlite / Kunzite / Kyanite / Kalcédoine / Kornerupine / Kobellite / Kinradite / Kernite / Kutnohorite
13%
V Variscite / Vanadinite / Vivianite / Vésuvianite
7%
U Ulexite / Unakite / Uvarovite / Uranophane
6%
W Wulfénite / Willemite /Wavellite / Wardite
4%
Y Yooperlite / Yellowstone / Yttrocrasite / Yttropyrochlore / Yingjiangxianite / Yingjiangite / Yaroslavite / Yafsoanite / Yimengite / Yuksporite / Yosegi
4%
X Xénolite / Xénophyte / Xanthite / Xonotlite / Xifengite / Xanthoconite
2%
Aucun quiz correspondant
Distribution des résultats
% des personnes avec chaque résultat
Percentile par nombre de réponses
Votre historique - résultats
Vous n’avez pas pris ce quiz depuis la dernière actualisation